Statistics for Terry's Taxidermy Lyrics

Click here to take the quiz!

General Stats

  • This quiz has been taken 5 times
  • The average score is 123 of 272

Answer Stats

Lyrics% Correct
a
100%
and
100%
And
100%
come
100%
die
100%
die,
100%
I
100%
in
100%
stuff
100%
Taxidermy
100%
Terry's
100%
Terry's)
100%
the
100%
they
100%
You
100%
you
100%
Your
100%
you're
100%
are
67%
At
67%
at
67%
(At
67%
be
67%
bed
67%
by
67%
can
67%
could
67%
did
67%
go
67%
If
67%
I'll
67%
is
67%
like
67%
My
67%
never
67%
no
67%
of
67%
out
67%
Sleep
67%
So
67%
well
67%
what
67%
When
67%
all
33%
as
33%
back
33%
better
33%
bigger
33%
but
33%
But
33%
Can't
33%
death
33%
don't
33%
else
33%
eyes
33%
foam
33%
free,
33%
guts
33%
heart
33%
Here
33%
human
33%
I'd
33%
it
33%
I've
33%
Kicked
33%
messy
33%
on
33%
pumping
33%
quilt
33%
rest
33%
say
33%
sell
33%
set
33%
sewn
33%
smiles
33%
someone
33%
thee
33%
they're
33%
this
33%
to
33%
will
33%
wish
33%
with
33%
With
33%
arms
0%
blood
0%
Bring
0%
chests
0%
cold
0%
Comfy
0%
company,
0%
compromise
0%
Contemplation
0%
couch
0%
creative
0%
cut
0%
doll
0%
dying
0%
empty
0%
enticed
0%
eternal
0%
farce
0%
figurine
0%
fill
0%
forever
0%
fret
0%
get
0%
goodbye
0%
got
0%
harlequin
0%
harm,
0%
heads
0%
Hindsight
0%
home
0%
imperfect
0%
Isolation
0%
Just
0%
Justification
0%
keep
0%
leave
0%
let
0%
life
0%
Lilac
0%
long
0%
loves
0%
lungs
0%
memory
0%
mental
0%
neat
0%
need
0%
next
0%
nights
0%
poised
0%
polished
0%
Preservation
0%
quit
0%
Reason
0%
rebuilt
0%
remedy
0%
seen
0%
sign
0%
special
0%
sweet
0%
that'll
0%
these
0%
thing
0%
tricky
0%
which
0%
wilt
0%

Score Distribution

Percentile by Number Answered

Percent of People with Each Score

Your Score History

You have not taken this quiz